Maps and their makers (Record no. 95401)
[ view plain ]
| 000 -LEADER | |
|---|---|
| fixed length control field | 00948cam a2200229 4500 |
| 001 - CONTROL NUMBER | |
| control field | ##D2970 |
| 008 - FIXED-LENGTH DATA ELEMENTS--GENERAL INFORMATION | |
| fixed length control field | 090401t1978 xxu||||| |||| 00| 0 eng d |
| 020 ## - INTERNATIONAL STANDARD BOOK NUMBER | |
| International Standard Book Number | 0712907564 |
| 035 ## - SYSTEM CONTROL NUMBER | |
| System control number | (Sirsi) u71305 |
| 041 0# - LANGUAGE CODE | |
| Language code of text/sound track or separate title | eng |
| 050 04 - LIBRARY OF CONGRESS CALL NUMBER | |
| Classification number | 526.809 $2 18 |
| 100 1# - MAIN ENTRY--PERSONAL NAME | |
| Personal name | Crone, G.R. |
| 245 00 - TITLE STATEMENT | |
| Title | Maps and their makers |
| Remainder of title | an introduction to the history of cartography |
| 250 ## - EDITION STATEMENT | |
| Edition statement | 5th ed. |
| 260 ## - PUBLICATION, DISTRIBUTION, ETC. | |
| Place of publication, distribution, etc. | Folkestone |
| Name of publisher, distributor, etc. | Dawson |
| Date of publication, distribution, etc. | 1978 |
| 300 ## - PHYSICAL DESCRIPTION | |
| Extent | ix,152p. |
| Other physical details | ill |
| Dimensions | 28cm. |
| 350 ## - PRICE (NR) (BK AM CF MU VM SE) [OBSOLETE] | |
| Price | 10 |
| 520 ## - SUMMARY, ETC. | |
| Summary, etc. | Traces the history of cartography from its classical and early medieval origins to contemporary progression. It makes special reference to the innovations of the Catalan world; Fra Mauro and Martin Behaim; the Ptolemy revival; Ortelius and their successors; French reformation, and of the British contribution in 1800. |
| 690 ## - LOCAL SUBJECT ADDED ENTRY--TOPICAL TERM (OCLC, RLIN) | |
| Topical term or geographic name as entry element | ENVIRONMENTAL AND LAND CONSULTANCY-GEOMATICS-MAPPING AND POSITIONING-CARTOGRAPHY |
| 942 ## - ADDED ENTRY ELEMENTS (KOHA) | |
| Suppress in OPAC | 0 |
| 948 ## - LOCAL PROCESSING INFORMATION (OCLC); SERIES PART DESIGNATOR (RLIN) | |
| c (OCLC) | 04/03/1997 |
| Withdrawn status | Lost status | Source of classification or shelving scheme | Damaged status | Not for loan | Home library | Current library | Shelving location | Date acquired | Cost, normal purchase price | Total Checkouts | Full call number | Barcode | Date last seen | Date last checked out | Copy number | Cost, replacement price | Price effective from | Koha item type |
|---|---|---|---|---|---|---|---|---|---|---|---|---|---|---|---|---|---|---|
| Dewey Decimal Classification | Archives | Archives | Basement | 14/09/1999 | 10.00 | 4 | F526.809 | 30004028 | 26/04/2024 | 18/08/2008 | 1 | 10.00 | 06/08/2019 | Book |